| 000 | 004470000a22001810004500 | ||
|---|---|---|---|
| 003 | MACL | ||
| 005 | 20150728180028.0 | ||
| 008 | 150728b xxu||||| |||| 00| 0 eng d | ||
| 040 |
_aMACL _cMACL |
||
| 041 | _aEnglish | ||
| 082 | _a330/SEN | ||
| 100 |
_aRaj, Felix _93016 |
||
| 245 | _aContemporary Development Economics | ||
| 260 |
_bNew Central Book Agency _c2006 _aKolkata |
||
| 350 | _a250 | ||
| 650 |
_aEconomics _93017 |
||
| 942 |
_cBK _k330 _2ddc |
||
| 999 |
_c2270 _d2270 |
||